000 002940000a22001450004500
003 MACL
040 _aMACL
090 _c4101
_d4100
100 _aDogra, Bharat
245 _aIndia Despair and Hope
260 _bBharat Dogra
_c1991
350 _a300
650 _aSociology
942 _cBOOK
_k300
999 _c4067
_d4067